000 00214nam a22001097a 4500
999 _c12357
_d12357
020 _a978-8120311787
082 _a658.8
100 _aPhilip Kotler
245 _aMarketing Management
250 _a9th
942 _cBK